00241nam a2200109Ia 4500008004100000041001200041100001400053245003600067250001300103260000900116650000600125221030s9999 xx 000 0 und d aEnglish aG. Gordon 0aSystem Simulationcby G. Gordon aJAN 2016 c2016 aB